000 00574nam a2200229Ia 4500
005 20210907132954.0
008 131103s9999 xx 000 0 und d
020 _a81-7156-808-4
_cRs. 350
040 _aLoreto College
041 _aEnglish
082 _a320
_bJAY
100 _aJayapalan, N.
245 _aPolitical theory
_cN. Jayapalan
260 _aNew Delhi
_bAtlantic Publishers
_cc1999
300 _av,200 p.
504 _aIncludes index
630 _aPolitical Theory
650 _aPoliical Science
651 _aPolitics
850 _aLCLIB
942 _cBK
999 _c305
_d50784